000 00827nam a22002531 4500
001 27166
003 BD-RjUL
005 20211209051124.0
008 140324s1950 enkb 000 0 eng
035 _a(BD-RjUL)27237
035 _a(OCoLC)4926743
040 _aDLC
_cTNJ
_dUk
_dDLC
_dBD-RjUL
_beng
041 _aeng
082 0 0 _a956.9
_bLEJ 1950
100 1 _aLevin, Harry,
_d1910-1965.
_983392
245 1 0 _aJerusalem embattled :
_ba diary of the city under siege, March 25th, 1948, to July 18th, 1948 /
_cHarry Levin.
260 _aLondon :
_bGollancz,
_c1950.
300 _a288 p. :
_bmap.
_c20 cm.
500 _aAmerican ed. (New York, Schocken Books) has title: I saw the battle of Jerusalem.
651 0 _aJerusalem
_xHistory
_ySiege, 1948.
_983393
942 _2ddc
_cBK
999 _c27166
_d27166